Sports Quiz

Random Sports or MLB Quiz

MLB Top 5 HR Leaders by Season - 1950's Quiz Stats

 Plays Quiz not verified by Sporcle

Support Sporcle.
Go Orange.
Score 0/54 Timer 10:00
0 Plays Today
Year Player % Correct
1950Ralph Kiner
98.3%
1954Willie Mays
97.1%
1951Ted Williams
95.1%
1955Ernie Banks
94.3%
1953Duke Snider
93.9%
1954Mickey Mantle
93.6%
1955Hank Aaron
92.4%
1956Frank Robinson
92.4%
1952Eddie Mathews
89.9%
1950Gil Hodges
88%
1951Stan Musial
87.5%
1952Yogi Berra
85.7%
1953Ted Kluszewski
84.8%
1951Roy Campanella
83.5%
1959Harmon Killebrew
82.8%
1950Joe DiMaggio
80.1%
1950Al Rosen
78.9%
1957Rocky Colavito
78.1%
1955Al Kaline
74.9%
1952Larry Doby
72.2%
1956Joe Adcock
72.2%
1959Orlando Cepeda
72%
1958Roger Maris
68.1%
1950Hank Sauer
67.3%
1956Roy Sievers
60.2%
1951Bobby Thomson
59%
1959Ken Boyer
55.5%
Year Player % Correct
1955Wally Post
54.3%
1951Gus Zernial
49.4%
1954Jackie Jensen
49.4%
1959Bob Allison
49.4%
1953Frank Thomas
49.1%
1953Del Ennis
48.9%
1959Dick Stuart
46.9%
1950Walt Dropo
44.2%
1956Vic Wertz
42%
1953Gus Bell
41%
1958Bob Cerv
41%
1950Andy Pafko
36.6%
1958Jim Lemon
35.4%
1958Gus Triandos
34.6%
1954Hank Thompson
32.7%
1952Sid Gordon
30.7%
1957Wally Moon
26%
1952Luke Easter
23.6%
1957Charlie Maxwell
20.9%
1956Stan Lopata
20.6%
1957Wes Covington
19.7%
1957George Crowe
18.2%
1957Dale Long
15.7%
1959Woodie Held
13.3%
1954Jim Greengrass
10.1%
1958Walt Moryn
9.3%
1955Norm Zauchin
7.1%

You're not logged in!

Compare scores with friends on all Sporcle quizzes.
OR
Log In

From the Vault

Miniature Landmarks

by kfastic

Make sure to visit these landmarks early. They get pretty crowded inside during the afternoon.
Remove Ads.
Support Sporcle.
Get the best of Sporcle when you Go Orange. This ad-free experience offers more features, more stats, and more fun while also helping to support Sporcle. Thank you for becoming a member.

Show Comments

Extras

Created Jan 27, 2016SourceReportNominate
Tags:MLB Quiz, 1950s, Home Runs

Top Quizzes Today


Score Distribution

Your Account Isn't Verified!

In order to create a playlist on Sporcle, you need to verify the email address you used during registration. Go to your Sporcle Settings to finish the process.

Report this User

Report this user for behavior that violates our Community Guidelines.

Details: